15 Najstarszych piłkarzy Ekstraklasy w historii - Statystyki

Ogólne statystyki
  • Ten quiz został rozwiązany 10 razy
  • Średni wynik to 6 z 15
Statystyki odpowiedzi
Wiek w tym czasie Data Pozycja Klub Odpowiedź % Poprawnych
41 lat 11 miesięcy 24 dni 13 lut 2022 Bramkarz Legia Warszawa Artur Boruc
89%
40 lat 11 miesięcy 19 dni 23 maj 2026 Napastnik Górnik Zabrze Lukas Podolski
89%
40 lat 11 miesięcy 13 dni 2 cze 2013 Napastnik Lech Poznań Piotr Reiss
67%
43 lata 1 miesiąc 11 dni 31 maj 2003 Bramkarz Kszo Ostrowiec Świętokrzyski Janusz Jojko
56%
39 lat 10 miesięcy 29 dni 27 maj 2017 Defensywny Pomocnik Ruch Chorzów Łukasz Surma
56%
40 lat 25 dni 14 lip 2020 Bramkarz ŁKS Łódź Arkadiusz Malarz
44%
40 lat 4 miesiące 22 dni 19 wrz 1998 Bramkarz Odra Wodzisław Śląski Marek Bęben
33%
42 lata 2 miesiące 5 dni 27 maj 2023 Bramkarz Piast Gliwice Jakub Szmatuła
22%
40 lat 4 miesiące 26 dni 25 maj 2024 Lewy Obrońca Stal Mielec Leandro
22%
40 lat 1 miesiąc 9 dni 18 lip 2020 Środkowy Obrońca Wisła Kraków Marcin Wasilewski
22%
40 lat 10 miesięcy 28 dni 16 maj 2009 Bramkarz Jagiellonia Białystok Piotr Lech
22%
40 lat 7 miesięcy 4 dni 8 wrz 1991 Bramkarz Zawisza Bydgoszcz Andrzej Brończyk
11%
40 lat 5 miesięcy 7 dni 13 cze 2001 Napastnik Ruch Radzionków Marian Janoszka
11%
39 lat 10 miesięcy 20 dni 5 gru 2008 Defensywny Pomocnik ŁKS Łódź Zdzisław Leszczyński
11%
40 lat 10 miesięcy 24 dni 28 maj 2000 Obrońca Ruch Radzionków Andrzej Wróblewski
0%
Nie znaleziono quizów pasujących do podanych kryteriów
Rozkład punktacji
Procent ludzi z każdym wynikiem
Percentyl według liczby udzielonych odpowiedzi
Twoja historia wyników
Nie rozwiązałeś tego quizu